Maintaining Financial Records (Record no. 34904)

MARC details
000 -LEADER
fixed length control field 00370nam a22001457a 4500
005 - DATE AND TIME OF LATEST TRANSACTION
control field 20231212144822.0
008 - FIXED-LENGTH DATA ELEMENTS--GENERAL INFORMATION
fixed length control field 231212b |||||||| |||| 00| 0 eng d
082 ## - DEWEY DECIMAL CLASSIFICATION NUMBER
Classification number 657.2
Item number LYN
100 ## - MAIN ENTRY--AUTHOR
Author Name Lynch, Foulks
245 ## - TITLE STATEMENT
Title Maintaining Financial Records
Remainder of title CAT Paper 3
260 ## - PUBLICATION, DISTRIBUTION, ETC.
Place of Publication UK
Name of publisher, distributor, etc. Kaplan Publishing
300 ## - PHYSICAL DESCRIPTION
Pages CH-16
650 ## - SUBJECT ADDED ENTRY--TOPICAL TERM
Subject / Department Management/Accounting
952 ## - LOCATION AND ITEM INFORMATION (KOHA)
-- 0
-- 0
Holdings
Lost status Damaged status Collection code Permanent Location Current Location Date acquired Accession No./Barcode Date last seen item type Koha item type
    Management Superior Information Resource Center (SIRC) Superior University - City Campus Superior Information Resource Center (SIRC) Superior University - City Campus 12/12/2023 28281 12/12/2023 BOOK BOOK

Powered by Koha